Loading...
| Current Events | 2 | 15.00 | 100% | 50% | 0% |
| Fine Arts - Classical Music | 6 | 11.67 | 83% | 33% | 0% |
| Fine Arts - Other | 5 | 8.00 | 80% | 0% | 0% |
| Geography | 5 | 26.00 | 100% | 100% | 60% |
| History - American | 5 | 20.00 | 100% | 60% | 40% |
| History - European | 6 | 21.67 | 100% | 83% | 33% |
| History - Other | 4 | 20.00 | 75% | 100% | 25% |
| History - World | 6 | 21.67 | 100% | 67% | 50% |
| Literature - American | 4 | 12.50 | 75% | 25% | 25% |
| Literature - British | 5 | 14.00 | 80% | 40% | 20% |
| Literature - European | 6 | 15.00 | 100% | 17% | 33% |
| Literature - World | 5 | 18.00 | 100% | 80% | 0% |
| Mythology | 4 | 25.00 | 100% | 100% | 50% |
| Painting/Sculpture | 5 | 14.00 | 80% | 40% | 20% |
| Philosophy | 3 | 16.67 | 100% | 67% | 0% |
| Pop Culture | 2 | 10.00 | 100% | 0% | 0% |
| Religion | 5 | 18.00 | 100% | 40% | 40% |
| Science - Biology | 3 | 23.33 | 100% | 67% | 67% |
| Science - Chemistry | 6 | 15.00 | 83% | 50% | 17% |
| Science - Other | 5 | 12.00 | 100% | 20% | 0% |
| Science - Physics | 4 | 12.50 | 100% | 25% | 0% |
| Social Science | 4 | 15.00 | 100% | 25% | 25% |